000 00271nam a22001217a 4500
040 _cSY
082 _a670
100 _aឯក សុភាព
245 _aវិស្វកម្មកសិកម្ម
260 _aRUA
_bឯក
_c2011
300 _a276p.
942 _cEK
999 _c9026
_d9026